[Event "Andorra op"]
[Site "AND"]
[Date "1993.??.??"]
[Round "5"]
[White "Spraggett, Kevin"]
[Black "Efimov, Igor"]
[Result "1/2-1/2"]
[WhiteElo "2555"]
[BlackElo "2490"]
[PlyCount "86"]
[EventDate "1993.??.??"]
[EventType "swiss"]
[EventCountry "AND"]
[EventCategory "9"]

1. c4 e6 2. Nc3 d5 3. d4 Nf6 4. cxd5 exd5 5. Bg5 c6 6. e3 Be7 7. Bd3 Nbd7 8.
Qc2 Nf8 9. Nf3 Ng6 10. O-O-O Be6 11. h4 Ng4 12. Bxe7 Qxe7 13. h5 Nf8 14. e4 Nf6
15. e5 Ng4 16. Nh4 O-O-O 17. Nf5 Bxf5 18. Bxf5+ Kb8 19. Qd2 Nh6 20. Bh3 Ne6 21.
f4 f5 22. g3 g5 23. hxg6 hxg6 24. Bg2 Nf7 25. a3 Qd7 26. Ne2 Rxh1 27. Rxh1 Rh8
28. Qd1 Qd8 29. Bf3 g5 30. Rxh8 Qxh8 31. Qh1 Qxh1+ 32. Bxh1 g4 33. Kd2 Nh8 34.
Bg2 Ng6 35. Ke3 Ne7 36. Bf1 a5 37. Nc3 b6 38. Bd3 Kc7 39. a4 Kb7 40. Bc2 Kc7
41. Bb1 Kd7 42. Ba2 Nc7 43. Bb1 Ne6 1/2-1/2

[Event "Andorra op"]
[Site "AND"]
[Date "1993.??.??"]
[Round "6"]
[White "Sher, Miron"]
[Black "Spraggett, Kevin"]
[Result "0-1"]
[WhiteElo "2535"]
[BlackElo "2555"]
[PlyCount "70"]
[EventDate "1993.??.??"]
[EventType "swiss"]
[EventCountry "AND"]
[EventCategory "9"]

1. c4 e5 2. g3 Nc6 3. Bg2 f5 4. Nc3 Nf6 5. d3 Bb4 6. Bd2 O-O 7. Nf3 d6 8. O-O
Bxc3 9. Bxc3 Qe8 10. e3 Bd7 11. Rc1 Kh8 12. b4 Nd8 13. b5 Rb8 14. a4 Ne6 15.
Nd2 f4 16. exf4 exf4 17. Bxf6 Rxf6 18. Ne4 Rh6 19. d4 Qg6 20. Re1 Rf8 21. Rc3
b6 22. Rd3 Bc8 23. a5 Rh5 24. Bf3 Rh6 25. axb6 axb6 26. Qe2 fxg3 27. fxg3 Nf4
28. Qd2 Nxd3 29. Qxd3 Bg4 30. Bg2 Qh5 31. h4 Re6 32. Rf1 Rxf1+ 33. Qxf1 Qf5 34.
Qa1 Re8 35. Qa7 Bf3 0-1

[Event "Barcelona"]
[Site "Barcelona ESP"]
[Date "1993.??.??"]
[Round "2"]
[White "Pablo Marin, Alejandro"]
[Black "Spraggett, Kevin"]
[Result "0-1"]
[WhiteElo "2375"]
[BlackElo "2555"]
[PlyCount "108"]
[EventDate "1993.??.??"]
[EventType "tourn"]
[EventRounds "9"]
[EventCountry "ESP"]
[EventCategory "9"]

1. e4 c5 2. Nf3 d6 3. d4 cxd4 4. Nxd4 Nf6 5. Nc3 Nc6 6. Bc4 Qb6 7. Nb3 e6 8.
O-O a6 9. Bg5 Ne5 10. Be2 Be7 11. Kh1 O-O 12. f4 Nc6 13. f5 Ne5 14. Qe1 Bd7 15.
Qg3 Kh8 16. Rad1 Rae8 17. Qh3 exf5 18. exf5 Bc6 19. Rd4 Ned7 20. Rh4 d5 21. Be3
Qc7 22. Bd4 Bd6 23. Bd3 Kg8 24. Ne2 Bb5 25. Nf4 Bxd3 26. cxd3 Be5 27. Nxd5 Qc2
28. Nxf6+ Nxf6 29. g4 Qc6+ 30. Qf3 Qxf3+ 31. Rxf3 Bxd4 32. Nxd4 h6 33. Rhh3
Nxg4 34. Rhg3 Nf6 35. Rg1 Rd8 36. Ne2 Rfe8 37. Nf4 Rd4 38. Kg2 Kf8 39. Kf2 Rc8
40. Re1 Rc2+ 41. Re2 Ng4+ 42. Kg3 Rxe2 43. Nxe2 Rb4 44. b3 Nf6 45. Kf2 Nd5 46.
Ke1 Rh4 47. Rf2 Nb4 48. Nc1 Ke7 49. a3 Nc6 50. Ne2 Ne5 51. Kd2 Rxh2 52. Rxh2
Nf3+ 53. Ke3 Nxh2 54. Kf4 Nf1 0-1

[Event "Barcelona"]
[Site "Barcelona ESP"]
[Date "1993.??.??"]
[Round "5"]
[White "Spraggett, Kevin"]
[Black "Shevelev, Sergei"]
[Result "1-0"]
[WhiteElo "2555"]
[BlackElo "2430"]
[PlyCount "99"]
[EventDate "1993.??.??"]
[EventType "tourn"]
[EventRounds "9"]
[EventCountry "ESP"]
[EventCategory "9"]

1. d4 d5 2. c4 e6 3. Nf3 c5 4. cxd5 exd5 5. g3 Nc6 6. Bg2 Nf6 7. O-O Be7 8. Nc3
O-O 9. Bg5 cxd4 10. Nxd4 h6 11. Be3 Re8 12. Rc1 Bf8 13. a3 Bg4 14. h3 Bd7 15.
Nxc6 bxc6 16. Qd3 Rb8 17. Na4 Ne4 18. Bf4 Rb5 19. b4 Qe7 20. Rfd1 g5 21. Bd2 a5
22. Nc3 Nxc3 23. Bxc3 axb4 24. axb4 Bg7 25. Be1 Qxe2 26. Qxe2 Rxe2 27. Bf1 Rxe1
28. Rxe1 Rxb4 29. Re7 Rb7 30. Ba6 Rc7 31. Bc8 Rxc8 32. Rxd7 d4 33. Rd5 Kh7 34.
Kf1 cxd5 35. Rxc8 d3 36. Rd8 d4 37. Rd5 Kg6 38. g4 h5 39. Rd6+ Kh7 40. Rd5 hxg4
41. hxg4 Kg6 42. Ke1 Bf6 43. Kd2 Kg7 44. Kxd3 Kg6 45. Ke4 Kg7 46. Kf5 Be7 47.
Rxd4 Bc5 48. Rd2 Be7 49. f3 Bf6 50. Rd7 1-0

[Event "Barcelona"]
[Site "Barcelona ESP"]
[Date "1993.??.??"]
[Round "8"]
[White "Spraggett, Kevin"]
[Black "Pomes Marcet, Juan"]
[Result "1-0"]
[WhiteElo "2555"]
[BlackElo "2410"]
[PlyCount "73"]
[EventDate "1993.??.??"]
[EventType "tourn"]
[EventRounds "9"]
[EventCountry "ESP"]
[EventCategory "9"]

1. g3 d5 2. Bg2 c6 3. Nf3 Bg4 4. b3 Nd7 5. Bb2 Ngf6 6. O-O e6 7. c4 Bd6 8. d4
O-O 9. Nbd2 Qe7 10. a3 e5 11. cxd5 cxd5 12. dxe5 Nxe5 13. h3 Bd7 14. Ra2 Rac8
15. Qa1 Rfe8 16. Nd4 a6 17. Rd1 h5 18. Qb1 Bc5 19. Nf1 Ne4 20. Ne3 Nxf2 21.
Kxf2 Ng4+ 22. Nxg4 Qxe2+ 23. Kg1 hxg4 24. Kh2 Qe3 25. Nf5 Qe2 26. Nd4 Qe3 27.
Rd3 Qh6 28. Qd1 gxh3 29. Bxd5 Qg6 30. Ba1 Bd6 31. Rf2 Re7 32. Ne2 Bg4 33. Qd2
Ree8 34. Nf4 Bxf4 35. Qxf4 Qxd3 36. Bxf7+ Kh8 37. Qh6+ 1-0

[Event "Barcelona"]
[Site "Barcelona ESP"]
[Date "1993.??.??"]
[Round "9"]
[White "De la Riva Aguado, Oscar"]
[Black "Spraggett, Kevin"]
[Result "1/2-1/2"]
[WhiteElo "2400"]
[BlackElo "2555"]
[PlyCount "53"]
[EventDate "1993.??.??"]
[EventType "tourn"]
[EventRounds "9"]
[EventCountry "ESP"]
[EventCategory "9"]

1. e4 c5 2. Nf3 d6 3. c3 Nf6 4. Be2 Bd7 5. d3 Nc6 6. O-O Rc8 7. Re1 g6 8. Bg5
Bg7 9. Nbd2 h6 10. Bh4 O-O 11. d4 cxd4 12. Nxd4 Re8 13. Bf1 a6 14. Nc2 Be6 15.
Ne3 b5 16. f4 Qb6 17. Bf2 Qb7 18. g3 Qd7 19. a4 Rb8 20. axb5 axb5 21. Bg2 Bh3
22. Nd5 Bxg2 23. Kxg2 e6 24. Nxf6+ Bxf6 25. e5 Bg7 26. Ne4 d5 27. Nc5 1/2-1/2

[Event "Benidorm op"]
[Site "Benidorm ESP"]
[Date "1993.??.??"]
[Round "8"]
[White "Spraggett, Kevin"]
[Black "Galego, Luis"]
[Result "0-1"]
[WhiteElo "2565"]
[BlackElo "2390"]
[PlyCount "110"]
[EventDate "1993.??.??"]
[EventType "swiss"]
[EventRounds "9"]
[EventCountry "ESP"]

1. c4 c5 2. Nf3 Nf6 3. Nc3 Nc6 4. d4 cxd4 5. Nxd4 e6 6. Bg5 Be7 7. e3 a6 8. Rc1
h6 9. Bh4 O-O 10. Be2 d6 11. O-O Bd7 12. Nf3 Qb8 13. h3 Rd8 14. Bg3 Ne5 15. Nd4
Qa7 16. Qd2 Rac8 17. b3 Be8 18. f3 Nc6 19. Bf2 Qb8 20. e4 Nxd4 21. Bxd4 b5 22.
Rc2 Nh5 23. cxb5 axb5 24. Rfc1 d5 25. exd5 Nf4 26. Bf1 b4 27. Na4 Rxc2 28. Qxc2
Nxd5 29. Re1 Qg3 30. Qf2 Qxf2+ 31. Bxf2 Ra8 32. Bc4 Nf6 33. Bc5 Kf8 34. Bxe7+
Kxe7 35. Nc5 Rxa2 36. Nd3 Rd2 37. Nxb4 Kd6 38. Re2 Rxe2 39. Bxe2 Kc5 40. Nc2
Nd5 41. h4 f6 42. Kf2 Bg6 43. Ne3 Kd4 44. Nxd5 exd5 45. b4 Be8 46. Ba6 Ba4 47.
Ke2 Bb3 48. Kd2 Bc4 49. Bb7 Bb5 50. g3 Kc4 51. f4 Bd7 52. Ba8 Be6 53. Bb7 Kxb4
54. Kd3 Kc5 55. Ba6 Kb6 0-1

[Event "Benidorm op"]
[Site "Benidorm ESP"]
[Date "1993.??.??"]
[Round "9"]
[White "Markzon, Gregory"]
[Black "Spraggett, Kevin"]
[Result "0-1"]
[WhiteElo "2280"]
[BlackElo "2565"]
[PlyCount "52"]
[EventDate "1993.??.??"]
[EventType "swiss"]
[EventRounds "9"]
[EventCountry "ESP"]
[Source "ChessBase"]
[SourceDate "1997.11.17"]

1. e4 c5 2. Nf3 d6 3. d4 cxd4 4. Nxd4 Nf6 5. Nc3 Nc6 6. Bg5 e6 7. Qd2 a6 8.
O-O-O h6 9. Be3 Bd7 10. f4 Be7 11. g4 Nxg4 12. Rg1 Nxe3 13. Qxe3 g5 14. Nxc6
bxc6 15. Qd4 Rf8 16. f5 Rg8 17. Bc4 Rb8 18. Bb3 Qa5 19. Rg3 Rb7 20. Rgd3 g4 21.
Kb1 h5 22. Ne2 h4 23. c4 exf5 24. Ka1 Qe5 25. Qxe5 dxe5 26. Ba4 Rg6 0-1

[Event "Benidorm op"]
[Site "Benidorm ESP"]
[Date "1993.??.??"]
[Round "9"]
[White "Sanz Alonso, Francisco Javier"]
[Black "Spraggett, Kevin"]
[Result "1/2-1/2"]
[WhiteElo "2420"]
[BlackElo "2565"]
[PlyCount "36"]
[EventDate "1993.??.??"]
[EventType "swiss"]
[EventRounds "9"]
[EventCountry "ESP"]

1. e4 d6 2. d4 g6 3. Nc3 c6 4. Nf3 Bg7 5. Be3 b5 6. Bd3 Nd7 7. O-O a6 8. a4 Bb7
9. Qd2 b4 10. Ne2 a5 11. c3 bxc3 12. Nxc3 Qb8 13. Rfe1 e6 14. d5 cxd5 15. exd5
e5 16. Bb5 Ngf6 17. Bc6 O-O 18. Rac1 Rd8 1/2-1/2

[Event "Cannes op"]
[Site "Cannes FRA"]
[Date "1993.??.??"]
[Round "2"]
[White "Spraggett, Kevin"]
[Black "Haik, Aldo"]
[Result "1-0"]
[WhiteElo "2565"]
[BlackElo "2410"]
[PlyCount "85"]
[EventDate "1993.??.??"]
[EventType "swiss"]
[EventRounds "9"]
[EventCountry "FRA"]

1. d4 Nf6 2. c4 g6 3. Nc3 Bg7 4. e4 O-O 5. Be3 c5 6. dxc5 Nc6 7. Be2 d6 8. cxd6
exd6 9. Nf3 Ng4 10. Bc1 f5 11. exf5 Bxf5 12. O-O Nb4 13. h3 Ne5 14. Nd4 Bxh3
15. gxh3 Qh4 16. Kg2 Ned3 17. Bxd3 Bxd4 18. f4 Rae8 19. a3 Nc6 20. Qg4 Qf6 21.
Bd2 Be3 22. Rad1 Bxd2 23. Rxd2 Qd4 24. Rff2 Kh8 25. Bf1 Qc5 26. Rd5 Qe3 27.
Rxd6 Nd4 28. Rd7 Nf5 29. Bd3 Rg8 30. Qg5 Qe6 31. Rd5 h6 32. Bxf5 gxf5 33. Qxg8+
Rxg8+ 34. Kf3 Qe1 35. Rxf5 Qh1+ 36. Ke2 Qxh3 37. Re5 Rg2 38. Re8+ Kg7 39. Re7+
Kf6 40. Nd5+ Kg6 41. f5+ Kg5 42. Rg7+ Kh4 43. Rfxg2 1-0

[Event "Cannes op"]
[Site "Cannes FRA"]
[Date "1993.??.??"]
[Round "6"]
[White "Spraggett, Kevin"]
[Black "Sellos, Didier"]
[Result "1-0"]
[WhiteElo "2565"]
[BlackElo "2425"]
[PlyCount "127"]
[EventDate "1993.??.??"]
[EventType "swiss"]
[EventRounds "9"]
[EventCountry "FRA"]

1. c4 Nf6 2. Nc3 g6 3. e4 d6 4. d4 Bg7 5. f3 O-O 6. Be3 Nc6 7. Nge2 a6 8. Qd2
Rb8 9. h4 h5 10. Nc1 e5 11. d5 Nd4 12. N1e2 c5 13. dxc6 bxc6 14. Nxd4 exd4 15.
Bxd4 Re8 16. Be2 Qa5 17. Rc1 Qb4 18. b3 a5 19. O-O Ba6 20. Rfd1 Re6 21. Bf1 Kh7
22. Rc2 Qb7 23. Na4 Ra8 24. Qxa5 c5 25. Bf2 Nd7 26. Qd2 Ne5 27. Nc3 Nc6 28.
Rcc1 Qb8 29. Nd5 Bb7 30. Bd3 Nd4 31. Be3 Qa7 32. Bb1 Bc6 33. Rf1 Rae8 34. Rce1
Qb8 35. Nf4 R6e7 36. Nd5 Bxd5 37. cxd5 Nb5 38. Rc1 Rb7 39. g3 Nd4 40. Kg2 Qd8
41. Rc4 Qe7 42. Bxd4 Bxd4 43. Bc2 Bf6 44. f4 Ra7 45. a4 Rb8 46. e5 dxe5 47. f5
Qd6 48. fxg6+ fxg6 49. Qd3 Rg7 50. Qf3 Be7 51. Qxh5+ Kg8 52. Qd1 Rf8 53. Rxf8+
Bxf8 54. Rg4 Be7 55. Be4 Bd8 56. Qd3 g5 57. h5 c4 58. bxc4 Bb6 59. Bf5 Qc5 60.
Be6+ Kh8 61. Qf3 Qg1+ 62. Kh3 Bc5 63. d6 Bxd6 64. Qa8+ 1-0

[Event "FRA-Tch 1993-94"]
[Site "FRA"]
[Date "1993.??.??"]
[Round "?"]
[White "David, Alberto"]
[Black "Spraggett, Kevin"]
[Result "1-0"]
[WhiteElo "2380"]
[BlackElo "2565"]
[PlyCount "57"]
[EventDate "1993.??.??"]
[EventType "team"]
[EventRounds "11"]
[EventCountry "FRA"]

1. e4 c5 2. Nf3 d6 3. Bb5+ Nd7 4. O-O Ngf6 5. Re1 a6 6. Bxd7+ Bxd7 7. c3 Bc6 8.
d4 Bxe4 9. Bg5 Bc6 10. Bxf6 gxf6 11. d5 Bd7 12. Nh4 h5 13. Qf3 Bg7 14. Nd2 Kf8
15. h3 Qc7 16. Ne4 Re8 17. Ng3 Qb6 18. Re2 Qb5 19. Rae1 f5 20. Ngxf5 Bxf5 21.
Qxf5 Bf6 22. Rxe7 Rxe7 23. Ng6+ Kg7 24. Nxe7 Re8 25. Re3 Rxe7 26. Rg3+ Kf8 27.
Qxf6 Re1+ 28. Kh2 Qd7 29. Rg5 1-0

[Event "FRA-Tch 1993-94"]
[Site "FRA"]
[Date "1993.??.??"]
[Round "?"]
[White "Lautier, Joel"]
[Black "Spraggett, Kevin"]
[Result "1/2-1/2"]
[WhiteElo "2645"]
[BlackElo "2565"]
[PlyCount "83"]
[EventDate "1993.??.??"]
[EventType "team"]
[EventRounds "11"]
[EventCountry "FRA"]

1. d4 Nf6 2. c4 e6 3. Nc3 Bb4 4. Qc2 O-O 5. Bg5 c5 6. e3 h6 7. Bh4 cxd4 8. exd4
d5 9. cxd5 exd5 10. Bd3 Nc6 11. Nge2 Be7 12. Qd2 Be6 13. f3 Qd7 14. O-O Bf5 15.
Bxf5 Qxf5 16. g4 Qd7 17. Ng3 Nh7 18. Bxe7 Nxe7 19. Rae1 Rae8 20. Qd3 Nf6 21.
Re3 Nc6 22. Rfe1 Rxe3 23. Rxe3 Re8 24. Nf5 Re6 25. Qe2 Kf8 26. Qd2 Ne7 27. Ng3
Kg8 28. Kf2 Nc6 29. h4 Qd6 30. Nce2 Rxe3 31. Qxe3 Qb4 32. Nf5 Qxb2 33. g5 hxg5
34. hxg5 Nd7 35. Nd6 Nf8 36. Qf4 Nd8 37. Qe5 Nde6 38. Nf5 Ng6 39. Qb8+ Kh7 40.
Qh2+ Kg8 41. Qb8+ Kh7 42. Qh2+ 1/2-1/2

[Event "FRA-Tch 1993-94"]
[Site "FRA"]
[Date "1993.??.??"]
[Round "?"]
[White "Spraggett, Kevin"]
[Black "Anic, Darko"]
[Result "1/2-1/2"]
[WhiteElo "2565"]
[BlackElo "2415"]
[PlyCount "79"]
[EventDate "1993.??.??"]
[EventType "team"]
[EventRounds "11"]
[EventCountry "FRA"]

1. d4 c6 2. c4 f5 3. g3 Nf6 4. Bg2 g6 5. Nf3 Bg7 6. O-O O-O 7. Nc3 d6 8. b3 Na6
9. Ba3 h6 10. e3 Bd7 11. Rc1 Qa5 12. Bb2 e5 13. dxe5 dxe5 14. a3 Rad8 15. b4
Qc7 16. c5 Be6 17. Qe2 g5 18. Rfd1 g4 19. Nd2 Qf7 20. h4 Nc7 21. Bf1 Nfd5 22.
Nc4 Nxc3 23. Bxc3 Bxc4 24. Qxc4 Nd5 25. Be1 f4 26. e4 fxg3 27. fxg3 Qxf1+ 28.
Qxf1 Rxf1+ 29. Kxf1 Ne3+ 30. Ke2 Nxd1 31. Rxd1 Rxd1 32. Kxd1 h5 33. Kc2 Kf7 34.
Bd2 Ke6 35. Kb3 Bf6 36. Kc4 Kd7 37. a4 Ke6 38. Bh6 Ke7 39. Be3 Ke6 40. Bd2
1/2-1/2

[Event "FRA-Tch 1993-94"]
[Site "FRA"]
[Date "1993.??.??"]
[Round "?"]
[White "Spraggett, Kevin"]
[Black "Metral, Jean Paul"]
[Result "1-0"]
[WhiteElo "2565"]
[BlackElo "2295"]
[PlyCount "58"]
[EventDate "1993.??.??"]
[EventType "team"]
[EventRounds "11"]
[EventCountry "FRA"]

1. c4 Nf6 2. Nc3 e6 3. d4 d5 4. Bg5 Be7 5. e3 Nbd7 6. Nf3 c6 7. Bd3 b6 8. cxd5
exd5 9. O-O O-O 10. Qc2 h6 11. Bh4 Re8 12. Bg3 Bb7 13. h3 Nf8 14. Rad1 Bd6 15.
Ne5 Rc8 16. f4 c5 17. Qe2 Ne6 18. Bb1 cxd4 19. exd4 a6 20. Bh4 b5 21. Qd3 Nf8
22. a3 Be7 23. Ba2 N6h7 24. Bf2 Qd6 25. Qf3 Red8 26. Qh5 Qf6 27. Ne4 dxe4 28.
Bh4 g6 29. Bxf6 Bxf6 1-0

[Event "FRA-Tch 1993-94"]
[Site "FRA"]
[Date "1993.??.??"]
[Round "?"]
[White "Vesin, Jean Robert"]
[Black "Spraggett, Kevin"]
[Result "0-1"]
[WhiteElo "2295"]
[BlackElo "2565"]
[PlyCount "110"]
[EventDate "1993.??.??"]
[EventType "team"]
[EventRounds "11"]
[EventCountry "FRA"]

1. e4 c5 2. Nf3 d6 3. d4 cxd4 4. Qxd4 Nc6 5. Bb5 Bd7 6. Bxc6 Bxc6 7. Nc3 Nf6 8.
Bg5 e6 9. O-O Be7 10. Rfe1 O-O 11. Rad1 Qa5 12. a3 Rfd8 13. Qd2 Qb6 14. Nd4 a6
15. Be3 Qc7 16. f3 b5 17. Nxc6 Qxc6 18. Ne2 Rac8 19. Nd4 Qb7 20. Qf2 Nd7 21.
Nb3 Re8 22. Bd4 Bf8 23. Rd2 h6 24. Red1 Qa8 25. Bc3 Rxc3 26. bxc3 Qc6 27. Qa7
Ra8 28. Na5 Qc8 29. Qb7 Qc5+ 30. Kh1 Ra7 31. Qc6 Qxa3 32. Nb3 Qb2 33. Qc8 d5
34. exd5 exd5 35. Na5 Nf6 36. Nc6 Rd7 37. Rxd5 Nxd5 38. Qxd7 Ne3 39. Rg1 Qxc3
40. Qe8 Nf5 41. Rd1 g6 42. Nd8 Qf6 43. Qc6 Qe5 44. Qe4 Qf6 45. Nb7 Qc3 46. Qd3
Qc7 47. Qe4 a5 48. g4 Nh4 49. Rd8 Qc3 50. Qe2 a4 51. Rd3 Qc7 52. Nd8 a3 53. c3
Qc4 54. Rd2 Qxc3 55. Rc2 a2 0-1

[Event "Manresa op"]
[Site "Manresa ESP"]
[Date "1993.??.??"]
[Round "5"]
[White "Spraggett, Kevin"]
[Black "Semkov, Semko"]
[Result "1-0"]
[WhiteElo "2565"]
[BlackElo "2465"]
[PlyCount "83"]
[EventDate "1993.??.??"]
[EventType "swiss"]
[EventRounds "9"]
[EventCountry "ESP"]

1. d4 d5 2. Nf3 c6 3. c4 e6 4. Nc3 dxc4 5. a4 Bb4 6. e3 b5 7. Bd2 a5 8. axb5
Bxc3 9. Bxc3 cxb5 10. b3 Bb7 11. bxc4 b4 12. Bb2 Nf6 13. Bd3 Nbd7 14. Qc2 O-O
15. O-O Qc7 16. e4 e5 17. c5 exd4 18. Bxd4 h6 19. Rac1 Bc6 20. Rfe1 Rfe8 21. h3
a4 22. e5 b3 23. Qb1 Nh5 24. Bc4 Nf8 25. Qf5 g6 26. Qg4 Ne6 27. Bxe6 Rxe6 28.
Nd2 Bd5 29. Re3 Qb8 30. Rb1 Qb4 31. Ne4 a3 32. Bc3 a2 33. Rd1 b2 34. Nf6+ Nxf6
35. Qxb4 a1=Q 36. Rxa1 Rxa1+ 37. Re1 Rxe1+ 38. Bxe1 Rxe5 39. Bc3 Re6 40. Bxb2
Ne8 41. Qd2 Be4 42. f3 1-0

[Event "Manresa op"]
[Site "Manresa ESP"]
[Date "1993.??.??"]
[Round "6"]
[White "Suba, Mihai"]
[Black "Spraggett, Kevin"]
[Result "1-0"]
[WhiteElo "2520"]
[BlackElo "2565"]
[PlyCount "125"]
[EventDate "1993.??.??"]
[EventType "swiss"]
[EventRounds "9"]
[EventCountry "ESP"]

1. d4 Nf6 2. c4 e6 3. Nf3 c5 4. e3 d5 5. cxd5 exd5 6. Bb5+ Nc6 7. O-O Bd6 8.
dxc5 Bxc5 9. b3 O-O 10. Bb2 Bd6 11. Nbd2 Re8 12. Rc1 Bd7 13. Bxc6 Bxc6 14. Rc2
Bb5 15. Re1 Bd3 16. Rc1 Bb4 17. a3 Ba5 18. b4 Bb6 19. Qb3 Be4 20. Bd4 a5 21. b5
h6 22. Qb2 Re6 23. Bxb6 Qxb6 24. a4 Bxf3 25. Nxf3 Re4 26. Nd4 Qd6 27. h3 Rae8
28. Red1 Nd7 29. Qc3 Nb6 30. Qxa5 Ra8 31. Qc3 Nxa4 32. Qc7 Qxc7 33. Rxc7 b6 34.
Nf5 Rc4 35. Ne7+ Kf8 36. Nxd5 Rxc7 37. Nxc7 Rc8 38. Rc1 Rd8 39. e4 Nc5 40. f3
Rd2 41. Ra1 g6 42. Ra8+ Kg7 43. Rb8 Kf6 44. Rxb6+ Ke5 45. Nd5 f5 46. Rxg6 fxe4
47. fxe4 Nxe4 48. Ne7 h5 49. b6 Rb2 50. Kh2 h4 51. Rg4 Nf2 52. Rxh4 Rxb6 53.
Rh5+ Ke4 54. Nf5 Nd3 55. Ng3+ Ke3 56. Rh4 Nf2 57. Nf5+ Ke2 58. Ra4 Rb2 59. h4
Rd2 60. Ng3+ Kd3 61. h5 Rb2 62. h6 Rb6 63. Kg1 1-0

[Event "Manresa op"]
[Site "Manresa ESP"]
[Date "1993.??.??"]
[Round "9"]
[White "Spraggett, Kevin"]
[Black "Glimbrant, Torbjorn"]
[Result "1/2-1/2"]
[WhiteElo "2565"]
[BlackElo "2245"]
[PlyCount "92"]
[EventDate "1993.??.??"]
[EventType "swiss"]
[EventRounds "9"]
[EventCountry "ESP"]

1. c4 e6 2. Nf3 Nf6 3. Nc3 d5 4. d4 Be7 5. Bg5 h6 6. Bh4 O-O 7. e3 b6 8. Be2
Bb7 9. Bxf6 Bxf6 10. cxd5 exd5 11. b4 c6 12. O-O Re8 13. Qb3 a5 14. bxa5 Rxa5
15. Rfe1 Nd7 16. Rab1 Ba6 17. Bxa6 Rxa6 18. a4 Re6 19. Re2 Be7 20. Qd1 g6 21.
Qd3 Ra5 22. Reb2 Kg7 23. g3 Bd6 24. Qc2 Bc7 25. Ne2 Qa8 26. Ra2 Nf6 27. Ne1 Ne4
28. Nd3 g5 29. Ne5 c5 30. f3 Nf6 31. g4 Bxe5 32. dxe5 Nd7 33. f4 gxf4 34. exf4
d4 35. Ng3 Qd5 36. Nf5+ Kf8 37. Qg2 c4 38. Qxd5 Rxd5 39. Rd1 d3 40. Ra3 f6 41.
Rc3 fxe5 42. Rxc4 exf4 43. Rxf4 Kg8 44. Nd4 Red6 45. Nf5 Re6 46. Nd4 Red6
1/2-1/2

[Event "Metz op"]
[Site "Metz FRA"]
[Date "1993.??.??"]
[Round "?"]
[White "Kohlweyer, Bernd"]
[Black "Spraggett, Kevin"]
[Result "1-0"]
[WhiteElo "2420"]
[BlackElo "2565"]
[PlyCount "111"]
[EventDate "1993.??.??"]
[EventType "swiss"]
[EventRounds "9"]
[EventCountry "FRA"]
[Source "ChessBase"]
[SourceDate "2003.11.25"]

1. d4 Nf6 2. c4 e6 3. g3 d5 4. Nf3 Be7 5. Bg2 O-O 6. O-O Nbd7 7. Qc2 c6 8. b3
b5 9. c5 Ne4 10. Bb2 f5 11. Nbd2 a5 12. Ne1 Bf6 13. Nxe4 fxe4 14. f3 exf3 15.
Nxf3 a4 16. b4 Rf7 17. e4 Nf8 18. e5 Be7 19. Rf2 Bd7 20. Raf1 Ra7 21. Bc1 Be8
22. h4 h6 23. Bh3 Qc8 24. g4 Bd8 25. g5 h5 26. g6 Rxf3 27. Rxf3 Nxg6 28. Bg5
Bxg5 29. hxg5 Qd7 30. Qf2 Qe7 31. Qg3 Nh8 32. Rf8+ Qxf8 33. Rxf8+ Kxf8 34. Bxe6
Ng6 35. Bf5 Ne7 36. Bh3 Bg6 37. e6 Ra8 38. a3 Re8 39. Qd6 Kg8 40. Qd7 Kf8 41.
Kf2 Be4 42. Kg3 Ra8 43. Kf4 Ng6+ 44. Ke3 Ne7 45. Ke2 Bg6 46. Kd2 Re8 47. Bf1 h4
48. Bh3 Be4 49. Ke3 Bb1 50. Kf4 Bg6 51. Kg4 Nf5 52. Qxc6 Nxd4 53. e7+ Rxe7 54.
Qxg6 Re6 55. Qh7 Re4+ 56. Kh5 1-0

[Event "Olot op"]
[Site "Olot ESP"]
[Date "1993.??.??"]
[Round "?"]
[White "Spraggett, Kevin"]
[Black "Garriga Nualart, Josep"]
[Result "1-0"]
[WhiteElo "2565"]
[BlackElo "2385"]
[PlyCount "65"]
[EventDate "1993.??.??"]
[EventType "swiss"]
[EventRounds "9"]
[EventCountry "ESP"]
[Source "ChessBase"]
[SourceDate "2005.11.24"]

1. d4 Nf6 2. c4 g6 3. Nc3 Bg7 4. e4 d6 5. Be2 O-O 6. Nf3 e5 7. O-O Nc6 8. d5
Ne7 9. Ne1 Nd7 10. Be3 f5 11. f3 Nf6 12. c5 h5 13. a4 fxe4 14. fxe4 Ng4 15.
Rxf8+ Qxf8 16. Bxg4 Bxg4 17. Qd2 dxc5 18. Bxc5 Bh6 19. Be3 Bxe3+ 20. Qxe3 Qf4
21. Qxf4 exf4 22. h3 Bd7 23. Nf3 Kg7 24. Rc1 c6 25. d6 Ng8 26. e5 Re8 27. Ne4
Bf5 28. Nc5 g5 29. d7 Bxd7 30. Nxd7 Re7 31. Rd1 g4 32. Nh4 Nh6 33. Rd6 1-0

[Event "Olot op"]
[Site "Olot ESP"]
[Date "1993.??.??"]
[Round "?"]
[White "Spraggett, Kevin"]
[Black "Hamdouchi, Hichem"]
[Result "1-0"]
[WhiteElo "2565"]
[BlackElo "2460"]
[PlyCount "97"]
[EventDate "1993.??.??"]
[EventType "swiss"]
[EventRounds "9"]
[EventCountry "ESP"]
[Source "ChessBase"]
[SourceDate "2005.11.24"]

1. d4 e6 2. c4 b6 3. a3 Bb7 4. Nc3 f5 5. e3 g6 6. f3 Bg7 7. Nh3 Nc6 8. Be2 Nf6
9. b3 Nh5 10. g3 O-O 11. Nf2 Kh8 12. f4 Nf6 13. Bb2 d5 14. O-O Na5 15. c5 bxc5
16. Na4 c4 17. Nc5 Bc8 18. bxc4 Nxc4 19. Qc1 Rb8 20. Rb1 Rb6 21. Bxc4 dxc4 22.
Qxc4 Bd7 23. Bc3 Bc6 24. Ba5 Bd5 25. Qc2 Rc6 26. Nfd3 Be4 27. Qe2 Bxd3 28. Nxd3
Nd5 29. Nb4 Nxb4 30. Bxb4 Re8 31. Bc5 a6 32. Qg2 Qd5 33. Rfc1 h5 34. h4 Rd8 35.
Qxd5 exd5 36. Be7 Rxc1+ 37. Rxc1 Rb8 38. Bb4 a5 39. Bxa5 Bf8 40. Bb4 Bxb4 41.
axb4 Re8 42. Kf2 Re7 43. Rc6 Kg7 44. Ke2 Kf7 45. Kd2 Kg7 46. b5 Kf7 47. Kd3 Kg7
48. Rc5 Rd7 49. Kc3 1-0

[Event "Olot op"]
[Site "Olot ESP"]
[Date "1993.??.??"]
[Round "?"]
[White "Spraggett, Kevin"]
[Black "Kolev, Atanas"]
[Result "1/2-1/2"]
[WhiteElo "2565"]
[BlackElo "2510"]
[PlyCount "87"]
[EventDate "1993.??.??"]
[EventType "swiss"]
[EventRounds "9"]
[EventCountry "ESP"]
[Source "ChessBase"]
[SourceDate "2005.11.24"]

1. c4 Nf6 2. Nf3 e6 3. Nc3 d5 4. d4 Be7 5. Bg5 h6 6. Bh4 O-O 7. e3 b6 8. Rc1
Bb7 9. Bxf6 Bxf6 10. cxd5 exd5 11. Bd3 c5 12. O-O cxd4 13. exd4 Nc6 14. Bb1 Qd6
15. Re1 Rfe8 16. Qd2 a6 17. h3 Rad8 18. Rcd1 Kf8 19. Na4 Rxe1+ 20. Rxe1 Re8 21.
Rd1 Bd8 22. Nc3 Bf6 23. Ne2 Qb4 24. Nc3 Qd6 25. Qd3 g6 26. Qd2 Kg7 27. Ne2 Qb4
28. Qxb4 Nxb4 29. Ng3 Nc6 30. Kf1 Na5 31. b3 b5 32. Ne2 Nc6 33. Nf4 Rd8 34. Nd3
Nxd4 35. Nc5 Nxf3 36. Nxb7 Rb8 37. Nc5 Rc8 38. Nxa6 Nd4 39. Nb4 Rc5 40. Bd3 Kf8
41. g3 Ke7 42. Kg2 Kd6 43. h4 h5 44. Bf1 1/2-1/2

[Event "Olot op"]
[Site "Olot ESP"]
[Date "1993.??.??"]
[Round "?"]
[White "Spraggett, Kevin"]
[Black "Serra Olives, Tomas"]
[Result "1-0"]
[WhiteElo "2565"]
[BlackElo "2285"]
[PlyCount "31"]
[EventDate "1993.??.??"]
[EventType "swiss"]
[EventRounds "9"]
[EventCountry "ESP"]
[Source "ChessBase"]
[SourceDate "2005.11.24"]

1. d4 Nf6 2. c4 g6 3. Nc3 Bg7 4. e4 d6 5. f3 Nbd7 6. Bg5 c6 7. Qd2 O-O 8. O-O-O
Qa5 9. Kb1 Re8 10. Bh6 Qh5 11. Bg5 h6 12. Be3 Kh7 13. Nce2 Ng8 14. h4 g5 15. g4
Qg6 16. hxg5 1-0

[Event "POR-Tch"]
[Site "POR"]
[Date "1993.??.??"]
[Round "3"]
[White "Spraggett, Kevin"]
[Black "Leonardo, Joao"]
[Result "1-0"]
[WhiteElo "2565"]
[BlackElo "2245"]
[PlyCount "75"]
[EventDate "1993.??.??"]
[EventType "team"]
[EventRounds "11"]
[EventCountry "POR"]

1. d4 d6 2. c4 e5 3. Nc3 exd4 4. Qxd4 Nc6 5. Qd2 g6 6. g3 Bg7 7. Bg2 Nf6 8. Nh3
O-O 9. b3 Re8 10. Bb2 Bf5 11. O-O Rc8 12. Nf4 Ne4 13. Nxe4 Bxe4 14. Bh3 Ne5 15.
Bxc8 Qxc8 16. f3 Bc6 17. Nd5 Qh3 18. e4 Bxd5 19. cxd5 f5 20. exf5 Qxf5 21. Bxe5
Rxe5 22. Rad1 h5 23. Qd3 Qf6 24. f4 Rf5 25. Qe4 Kh7 26. h3 Qc3 27. Rf3 Qc5+ 28.
Kg2 c6 29. dxc6 bxc6 30. Qc4 Qa3 31. b4 Qb2+ 32. Rf2 d5 33. Rxb2 dxc4 34. Rd7
Rd5 35. Rxa7 c3 36. Rc2 Kh6 37. Rc7 Rd6 38. g4 1-0